► Imp- Adjectives Quiz Stats

 Plays Quiz not verified by Sporcle

Score 0/21 Timer 05:00
0 Plays Today
% Correct
imported
82.6%
imprisoned
82.4%
impartial
81.9%
improvised
81.9%
improving
81.4%
impressed
79.2%
imploring
78.8%
imperial
78.6%
impermanent
77.6%
imperceptible
77.2%
impaired
76.9%
% Correct
impish
76.5%
impeccable
76.3%
implicit
75.7%
improbable
75.7%
impulsive
74.9%
implanted
71.9%
impatient
71.1%
impeding
66.8%
imperious
64%
imprudent
46.7%

You're not logged in!

Compare scores with friends on all Sporcle quizzes.
OR
Log In

Show Comments

Extras

Top Quizzes Today


Score Distribution

Your Account Isn't Verified!

In order to create a playlist on Sporcle, you need to verify the email address you used during registration. Go to your Sporcle Settings to finish the process.

Report this User

Report this user for behavior that violates our Community Guidelines.

Details: